Normal view
MARC view
- جغرافيا سياسية
Entry Topical Term
001 - CONTROL NUMBER
- control field: 41393
003 - CONTROL NUMBER IDENTIFIER
- control field: JO-AjAnu
005 - DATE AND TIME OF LATEST TRANSACTION
- control field: 20230606080857.0
008 - FIXED-LENGTH DATA ELEMENTS
- fixed length control field: 230606|| aca||aabn | a|a d
040 ## - CATALOGING SOURCE
- Original cataloging agency: JO-AjAnu
- Transcribing agency: JO-AjAnu
150 ## - HEADING--TOPICAL TERM
- Topical term or geographic name entry element: جغرافيا سياسية
670 ## - SOURCE DATA FOUND
- Source citation: Work cat.: (JO-AjAnu)21212: غنيم ،عبد الحميد, author 41392, الجغرافيا السياسية والعلاقات الدولية